000 00902nam a22002777a 4500
001 7088
003 FISKH
005 20250620134321.0
008 250620b cb ||||| |||| 00| 0 eng d
020 _a033500711008
040 _aFISKH
_beng
_cFISKH
_dFISKH
050 _aPZ7.S6294 W
082 _a823.8
100 _aSlater, Teddy
245 _aWalt Disney's Alice in wonderland /
_cAdapted by Teddy Slater ; Illustrated by France Mateu
260 _aNew York :
_bA Golden Book,
_c1996.
300 _a24 unnumbered pages :
_bcolor illustrations ;
_c21 cm
505 _aQ
520 _aA little girl falls down a rabbit hole and discovers a world of nonsensical characters.
521 8 _a660
_bLexile estimate
521 8 _aQ
_bRaz-Plus
650 _aDisney
_vPicture book
_xLittle Golden Book
700 _aMateu, France
_eillustrator
942 _2ddc
_cBK
_n0
999 _c7088
_d7088